Quick Pick: Marvel Superheroes by Alter Egos Quiz Stats

 Plays Quiz Updated Jun 27, 2016

Challenge
Share
Tweet
Embed
Score 0/16 Timer 01:30
1 Play Today
% Correct
Spider-Man
95.9%
Iron Man
94.1%
The Incredible Hulk
94.1%
Captain America
88.9%
Wolverine
87.1%
Scarlet Witch
84.7%
Hawkeye
78.8%
Human Torch
77.6%
% Correct
Mister Fantastic
75.7%
Daredevil
75.5%
Quicksilver
75.4%
Cyclops
74.8%
The Thing
73.6%
Invisible Woman
73.5%
Punisher
70.3%
Storm
65.6%

Today's Daily Dose

Missing Word
Bible Verses

Quick Pick
Brad Pitt Roles

On This Day
July 21st II

You're not logged in!

Compare scores with friends on all Sporcle quizzes.
Join for Free
OR
Log In

You Might Also Like...

Show Comments

Extras

Top Quizzes Today


Score Distribution

Your Account Isn't Verified!

In order to create a playlist on Sporcle, you need to verify the email address you used during registration. Go to your Sporcle Settings to finish the process.

Report this User

Report this user for behavior that violates our Community Guidelines.

Details: